00858cam a22002771 4500001001300000003000400013005001700017008004100034010001700075025001900092035001900111040001900130042001200149043001200161050001800173082001700191100004600208245002700254260006400281300004700345490004000392504002900432650001800461810008400479999001700563sa 67004897 DLC20260227112352.0810709s1966 ii abc b 000 0 eng  asa 67004897  aPL480:I-E-8318 a(OCoLC)7568666 aDLCcMnSUdDLC apremarc aa-ii---00aSB191.W5bP28 a633/.11/09541 aPal, B. P.q(Benjamin Peary),d1906-1989.10aWheatc[by] B. P. Pal. aNew Delhi,bIndian Council of Agricultural Researchc[1966] axviii, 370 p.billus., map, ports.c25 cm.1 aI.C.A.R. cereal crop series,vno. 4 aIncludes bibliographies. 0aWheatzIndia.2 aIndian Council of Agricultural Research.tI.C.A.R. cereal crop series ;vno. 4. c74842d74842